Statistics for C Vocabulary Words Quiz #1

Click here to take the quiz!

General Stats

  • This quiz has been taken 67,640 times
    (51,515 since last reset)
  • The average score is 14 of 22

Answer Stats

Definition Word % Correct
Animal that eats mostly meatCarnivore
95%
Where a pirate puts his treasureChest
92%
3D version of a squareCube
88%
Opposite of concaveConvex
83%
Very brief appearance in a movieCameo
80%
Artistic handwritingCalligraphy
80%
Polite bow for womenCurtsey
79%
Half man, half horseCentaur
77%
The crowning of a monarchCoronation
73%
Dead body used for medical purposesCadaver
71%
Person who makes mapsCartographer
71%
One who manages an art collectionCurator
64%
To baptise. To nameChristen
63%
Spicy Spanish sausageChorizo
62%
Group of witchesCoven
60%
Medical term for a bruiseContusion
51%
French manor houseCh√Ęteau
48%
Desert convoyCaravan
47%
Deep crack in a glacierCrevasse
35%
Leader of all IslamCaliph
35%
DNA strand found in a cell nucleusChromosome
34%
Swiss political subdivisionCanton
31%

Score Distribution

Percentile by Number Answered

Percent of People with Each Score

Your Score History

You have not taken this quiz since the last reset